Tous les départements français - Statistiques

Statistiques générales
  • Ce quiz a été pris 42 fois
  • Le résultat moyen est 71 sur 109
Statistiques - réponses
Numéro Département % Correct
1 Ain
94%
2 Aisne
85%
2A Corse du Sud
82%
971 Guadeloupe
79%
2B Haute Corse
79%
972 Martinique
79%
3 Allier
76%
6 Alpes Maritime
76%
7 Ardèche
76%
10 Aube
76%
11 Aude
76%
29 Finistère
76%
973 Guyane
76%
77 Seine et Marne
76%
13 Bouches du Rhône
73%
14 Calvados
73%
16 Charente
73%
17 Charente Maritime
73%
30 Gard
73%
5 Hautes Alpes
73%
37 Indre et Loire
73%
56 Morbihan
73%
8 Ardennes
70%
9 Ariège
70%
12 Aveyron
70%
22 Côte d’Armor
70%
25 Doubs
70%
33 Gironde
70%
74 Haute Savoie
70%
65 Hautes Pyrénées
70%
92 Hauts de Seine
70%
35 Ille et Vilaine
70%
36 Indre
70%
40 Landes
70%
42 Loire
70%
44 Loire Atlantique
70%
45 Loiret
70%
46 Lot
70%
47 Lot et Garonne
70%
50 Manche
70%
51 Marne
70%
60 Oise
70%
66 Pyrénées Orientales
70%
73 Savoie
70%
93 Seine Saint Denis
70%
81 Tarn
70%
82 Tarn et Garonne
70%
83 Var
70%
84 Vaucluse
70%
4 Alpes de Haute Provence
67%
67 Bas Rhin
67%
15 Cantal
67%
18 Cher
67%
19 Corrèze
67%
21 Côte d’Or
67%
23 Creuse
67%
24 Dordogne
67%
31 Haute Garonne
67%
43 Haute Loire
67%
68 Haut Rhin
67%
34 Herault
67%
38 Isère
67%
39 Jura
67%
41 Loir et Cher
67%
48 Lozère
67%
976 Mayotte
67%
61 Orne
67%
62 Pas de Calais
67%
64 Pyrénées Atlantiques
67%
974 Réunion
67%
94 Val de Marne
67%
85 Vendée
67%
88 Vosges
67%
78 Yvelines
67%
91 Essonne
64%
27 Eure
64%
28 Eure et Loir
64%
32 Gers
64%
54 Meurthe et Moselle
64%
59 Nord
64%
75 Paris
64%
69 Rhône
64%
72 Sarthe
64%
76 Seine Maritime
64%
90 Territoire de Belfort
64%
95 Val d’Oise
64%
79 Deux Sèvres
61%
52 Haute Marne
61%
70 Haute Saône
61%
49 Maine et Loire
61%
53 Mayenne
61%
55 Meuse
61%
57 Moselle
61%
58 Nièvre
61%
63 Puy de Dôme
61%
71 Saône et Loire
61%
86 Vienne
61%
89 Yonne
61%
26 Drome
58%
87 Haute Vienne
58%
80 Somme
58%
975 Saint Pierre et Miquelon
42%
988 Nouvelle Calédonie
36%
987 Polynésie Française
30%
977 Saint Barthélemy
24%
978 Saint Martin
24%
986 Wallis et Futuna
24%
989 Île de Clipperton
9%
984 Terres Australes et Antarctiques Françaises
9%
Aucun quiz correspondant
Distribution des résultats
% des personnes avec chaque résultat
Percentile par nombre de réponses
Votre historique - résultats
Vous n’avez pas pris ce quiz